000 00305nam a22001337a 4500
008 170926b xxu||||| |||| 00| 0 eng d
020 _a9781929229482
041 _aeng
080 _a37
100 _a46
101 _aEDU
245 _aA FRAMEWORK FOR UNDERSTANDING POVERTY
_cPAYNE,R.K
942 _2udc
_cBK
999 _c29777
_d29777